000 00253nam a22000977a 4500
008 131105b xxu||||| |||| 00| 0 eng d
020 _cAvailable
050 _a005.74ELM
245 _aFundamentals of Database Systems
_c Elmasri Navathe
250 _aThird Edition
999 _c23512
_d23512